000
00315 a2200157 4500
001
164009
020
_a
040
_c
Magnum
100
_a
Siqueira, Ana
240
1
0
_a
Pedro, o grande
_l
por
245
1
0
_a
Pedro, o grande
362
0
_a
1899
440
1
_a
LĂȘ
697
_a
IJ/SOCIEDADE COTIDIANO
942
_c
BK
999
_c
164009
_d
164009